000 00430nam a2200145Ia 4500
001 1676
008 241024s9999 xx 000 0 und d
020 _a978-9945-427-34-9/978-9945-427-35-6
082 _aRD/864.42/H519obr/1
100 _aMax (1885-1968) Henriquez Ureña
245 0 _aObra y Apuntes: documentos personales 1
260 _bSecretaría de Estado de Cultura
_c2008
901 _a11/7/2011 4:14:41 p.m.
999 _c7754
_d7754